Open Data Biblioteca Nacional de Portugal


República Portuguesa: Ministério da Cultura
Biblioteca Nacional de Portugal

Catálogo da BNP: acesso por Identificadores Unívocos
Registos Bibliográficos associados ao registo de autoridade

Etiqueta de registo: 00000nkm 2200025 450
001 2281027
003 http://id.bnportugal.gov.pt/bib/catbnp/2281027
100 ## $a20260317f199- m y0pory01030103ba
101 0# $apor
102 ## $aPT
200 1# $aAbraço ...Porque a SIDA existe!, receita destinada à Associação, Bilhetes à venda no Posto de Turismo, Anfiteatro Municipal do Bombarral, dia 11 de setembro$bVisual gráfico]$fCâmara Municipal do Bombarral e Associação Abraço$gExecução gráfica Costa & Valério
210 #9 $aBombarral$cCâmara Municipal do Bombarral ,$d[década de 1990]
215 ## $a1 cartaz$ccolor.$d67,8x48 cm
306 ## $aDatação em conformidade com as características formais do documento
317 ## $aColeção Madeira Luís
710 02 $aCâmara Municipal do Bombarral$31239977
711 02 $aAssociação Abraço$3116795
712 02 $aCosta & Valério, Lda.$4410$31642285
801 #0 $aPT$bBN$gRPC
966 ## $lBN$mICONOG$sCT. 25125 A.$x3
971 ## $cCaticonografia3$d20260317
995 ## $aPRR2026

OpendataBNP@bnportugal.pt | Mais informação sobre acesso aos dados BNP